Notas sobre la transmisión de la lírica culta en el Siglo de Oro (Record no. 44148)

MARC details
000 -LEADER
campo de control de longitud fija 00635nam a2200169 i 4500
001 - NÚMERO DE CONTROL
campo de control 44148
003 - IDENTIFICADOR DE NÚMERO DE CONTROL
campo de control ES-MaACL
005 - FECHA Y HORA DE LA ÚLTIMA TRANSACCIÓN
campo de control 20230906160952.0
007 - CAMPO FIJO DE DESCRIPCIÓN FÍSICA--INFORMACIÓN GENERAL
campo de control de longitud fija t|
008 - DATOS DE LONGITUD FIJA--INFORMACIÓN GENERAL
campo de control de longitud fija 030320s1980 sp ||||1| spa d
100 1# - ENTRADA PRINCIPAL--NOMBRE DE PERSONA
Nombre de persona Cid, Jesús Antonio.
9 (RLIN) 38760
245 10 - MENCIÓN DEL TÍTULO
Título Notas sobre la transmisión de la lírica culta en el Siglo de Oro
Resto del título : . I, El romance "Oid, pastores de Henares" y su autor. II, para un catálogo de la obra poética de Montalbán /
Mención de responsabilidad, etc. Jesús Antonio Cid.
260 ## - PUBLICACIÓN, DISTRIBUCIÓN, ETC.
Lugar de publicación, distribución, etc. Madrid :
Nombre del editor, distribuidor, etc. [Raycar],
Fecha de publicación, distribución, etc. 1980.
300 ## - DESCRIPCIÓN FÍSICA
Extensión 20 p. ;
Dimensiones 24 cm.
500 ## - NOTA GENERAL
Nota general Es separata de: Cuadernos bibliográficos. V. 40.
852 ## - LOCALIZACIÓN
Ubicación ES-MaACL
Número de control de estantería 2130-F-9
Holdings
Estatus retirado Estado de pérdida Estado de daño No para préstamo Colección Biblioteca de origen Biblioteca actual Ubicación en estantería Fecha de adquisición Fuente de adquisición Total de préstamos Signatura topográfica completa Código de barras Visto por última vez Precio de reemplazo Tipo de ítem Koha
        Colección de folletos Biblioteca del Ateneo de Madrid Biblioteca del Ateneo de Madrid Depósito folletos 17/01/2008     2130-F-9 1046466 23/02/2023 23/02/2023 Folleto